[Event "Hamburg-ch Seniors 65+ op 26th"]
[Site "Hamburg"]
[Date "2019.11.15"]
[Round "5"]
[White "Hawranke, Dietrich"]
[Black "Szenetra, Werner"]
[Result "1/2-1/2"]
[WhiteElo "2079"]
[BlackElo "2203"]
[PlyCount "31"]
[EventDate "2019.11.11"]
[EventType "swiss"]
[EventRounds "9"]
[EventCountry "GER"]
[SourceTitle "EXT 2022"]
[Source "ChessBase"]
[SourceDate "2021.10.06"]
[SourceVersion "1"]
[SourceVersionDate "2021.10.06"]
[SourceQuality "1"]

1. d4 d6 2. e4 g6 3. Nc3 Bg7 4. Nf3 a6 5. a4 b6 6. Bc4 e6 7. Bg5 Ne7 8. Qd2 h6 9. Bh4 Bb7 10. 0-0-0 Nd7 11. Kb1 g5 12. Bg3 Ng6 13. h4 g4 14. Nh2 h5 15. f3 e5 16. dxe5 1/2-1/2

[Event "Pinneberg-ch 37th"]
[Site "Pinneberg"]
[Date "2019.09.05"]
[Round "5"]
[White "Kakoschke, Dieter"]
[Black "Hawranke, Dietrich"]
[Result "1-0"]
[WhiteElo "1909"]
[BlackElo "2033"]
[PlyCount "157"]
[EventDate "2019.08.08"]
[EventType "swiss"]
[EventRounds "7"]
[EventCountry "GER"]
[SourceTitle "CBM 192 Extra"]
[Source "Chessbase"]
[SourceDate "2019.11.06"]
[SourceVersion "1"]
[SourceVersionDate "2019.11.06"]
[SourceQuality "1"]

1. e4 c5 2. c3 d6 3. d4 Nf6 4. Bd3 g6 5. Nf3 Bg7 6. 0-0 0-0 7. Re1 Nc6 8. d5 Nb8 9. c4 Bg4 10. h3 Bxf3 11. Qxf3 Nbd7 12. Nc3 Ne5 13. Qe2 Nfd7 14. Bd2 a6 15. Rac1 Nxd3 16. Qxd3 Ne5 17. Qe2 b5 18. b3 bxc4 19. bxc4 Rb8 20. Nd1 Nd7 21. Qd3 Bd4 22. Bc3 Bxc3 23. Qxc3 Qb6 24. f4 Qb4 25. Re3 Qxc3 26. Rexc3 Rb4 27. a3 Rb7 28. Nf2 Rfb8 29. Nd3 Rb1 30. Kh2 Rxc1 31. Nxc1 Rb1 32. Nd3 Nf6 33. Nf2 Rb2 34. e5 Nxd5 35. Rf3 Nc7 36. exd6 exd6 37. Ne4 Ne8 38. Rd3 Rb6 39. g4 f6 40. h4 Kf7 41. Kg3 a5 42. Kf3 a4 43. Ke3 Ra6 44. Nc3 Nc7 45. f5 Ke7 46. Ke4 Kd7 47. Re3 Ra8 48. Kf4 Ra6 49. Ke4 Rb6 50. Nxa4 Ra6 51. Nb2 Rb6 52. Nd3 Ra6 53. Nf4 Ra4 54. fxg6 Rxc4+ 55. Kf3 hxg6 56. Nxg6 Nd5 57. Rd3 Kc6 58. h5 Nc7 59. h6 Ne6 60. Ne7+ Kd7 61. Nf5 Ng5+ 62. Kg3 Ra4 63. Rxd6+ Kc7 64. Rd3 c4 65. Re3 Kc6 66. Nd4+ Kd5 67. Nc2 c3 68. Re7 Ne4+ 69. Kh4 Ra8 70. Kh5 Rg8 71. Rg7 Rh8 72. Kg6 Ke6 73. h7 Ng5 74. a4 Kd5 75. a5 Kc6 76. a6 Kb6 77. a7 Nxh7 78. Rxh7 Ra8 79. Kxf6 1-0

[Event "Pinneberg-ch 37th"]
[Site "Pinneberg"]
[Date "2019.08.29"]
[Round "4"]
[White "Hawranke, Dietrich"]
[Black "Van Riesen, Klaus"]
[Result "1-0"]
[WhiteElo "2033"]
[BlackElo "1981"]
[PlyCount "91"]
[EventDate "2019.08.08"]
[EventType "swiss"]
[EventRounds "7"]
[EventCountry "GER"]
[SourceTitle "CBM 192 Extra"]
[Source "Chessbase"]
[SourceDate "2019.11.06"]
[SourceVersion "1"]
[SourceVersionDate "2019.11.06"]
[SourceQuality "1"]

1. d4 Nf6 2. c4 g6 3. Nc3 Bg7 4. g3 0-0 5. Bg2 d6 6. Nf3 c6 7. 0-0 Qa5 8. h3 Qa6 9. Qb3 Nbd7 10. Be3 Nb6 11. Nd2 Be6 12. d5 Bd7 13. Rfc1 cxd5 14. cxd5 Na4 15. Bf1 Nxc3 16. bxc3 Ba4 17. Qb2 Nxd5 18. Bd4 Nf6 19. e3 Qa5 20. c4 Qc7 21. c5 Bc6 22. cxd6 Qxd6 23. Rc5 Ne8 24. Bxg7 Nxg7 25. Rac1 Ne6 26. Re5 f6 27. Rxc6 bxc6 28. Rxe6 Qd7 29. Bc4 Kg7 30. Qd4 Rfd8 31. Qxd7 Rxd7 32. Ne4 Rc8 33. Kg2 c5 34. Nc3 Kf8 35. Ra6 Rcc7 36. Nd5 Rb7 37. Rc6 Rb1 38. Rxc5 Rc1 39. e4 f5 40. Ne3 fxe4 41. Rc8+ Kg7 42. Rg8+ Kh6 43. Ng4+ Kh5 44. Bb3 Rd2 45. Rg7 Rc3 46. Rxe7 1-0

[Event "Pinneberg-ch"]
[Site "Pinneberg"]
[Date "2015.08.28"]
[Round "1"]
[White "Metzner, Arne"]
[Black "Hawranke, Dietrich"]
[Result "0-1"]
[WhiteElo "1532"]
[BlackElo "2068"]
[PlyCount "35"]
[EventDate "2015.08.28"]
[EventType "swiss"]
[EventRounds "7"]
[EventCountry "GER"]
[SourceTitle "EXT 2017"]
[Source "ChessBase"]
[SourceDate "2016.10.25"]
[SourceVersion "1"]
[SourceVersionDate "2016.10.25"]
[SourceQuality "1"]

1. e4 c5 2. Nf3 Nc6 3. Bc4 d6 4. h3 Nf6 5. Nc3 e6 6. a3 Be7 7. d3 a6 8. Be3 d5 9. exd5 exd5 10. Nxd5 Nxd5 11. 0-0 0-0 12. Nh2 Be6 13. Qd2 Nxe3 14. Qxe3 Bxc4 15. dxc4 Nd4 16. Rad1 Qc7 17. Rfe1 Bd6 18. Re2 0-1

[Event "Hamburg St Pauli op-A"]
[Site "Hamburg"]
[Date "2015.07.21"]
[Round "5"]
[White "Hawranke, Dietrich"]
[Black "Chittka, Julius"]
[Result "1/2-1/2"]
[WhiteElo "2118"]
[BlackElo "1963"]
[PlyCount "39"]
[EventDate "2015.07.18"]
[EventType "swiss"]
[EventRounds "9"]
[EventCountry "GER"]
[SourceTitle "EXT 2016"]
[Source "ChessBase"]
[SourceDate "2015.10.08"]
[SourceVersion "1"]
[SourceVersionDate "2015.10.08"]
[SourceQuality "1"]

1. d4 Nf6 2. Nf3 g6 3. c4 Bg7 4. Nc3 d5 5. cxd5 Nxd5 6. e4 Nxc3 7. bxc3 c5 8. Be2 Nc6 9. Be3 cxd4 10. cxd4 Qa5+ 11. Qd2 Qxd2+ 12. Kxd2 Bg4 13. Bb5 0-0 14. Bxc6 bxc6 15. Rhc1 Rfd8 16. Rxc6 Bxf3 17. gxf3 Bxd4 18. Bxd4 Rxd4+ 19. Ke3 Ra4 20. Rc2 1/2-1/2

[Event "Hamburg-ch Seniors 21st"]
[Site "Hamburg"]
[Date "2014.11.03"]
[Round "6"]
[White "Hawranke, Dietrich"]
[Black "Biermann Ratjen, Mathias"]
[Result "1-0"]
[WhiteElo "2030"]
[BlackElo "1743"]
[PlyCount "65"]
[EventDate "2014.10.29"]
[EventType "swiss"]
[EventRounds "9"]
[EventCountry "GER"]
[SourceTitle "EXT 2018"]
[Source "ChessBase"]
[SourceDate "2017.10.13"]
[SourceVersion "1"]
[SourceVersionDate "2017.10.13"]
[SourceQuality "1"]

1. d4 g6 2. e4 d6 3. Nc3 Bg7 4. Be3 a6 5. a4 Nd7 6. Nf3 c6 7. Bc4 e6 8. 0-0 Ne7 9. Qd2 h6 10. Rfd1 d5 11. Bf1 g5 12. Bd3 Nf8 13. exd5 exd5 14. Re1 Be6 15. a5 Nfg6 16. Na4 0-0 17. Nc5 Qc8 18. Qb4 Rb8 19. Ne5 Nxe5 20. dxe5 Nf5 21. Bd4 Nxd4 22. Qxd4 Rd8 23. b4 Qc7 24. h4 Qe7 25. hxg5 hxg5 26. Rad1 Kf8 27. Re3 Ke8 28. Rde1 Qf8 29. Rf3 Qh8 30. Nxe6 fxe6 31. Bg6+ Kd7 32. Rf7+ Kc8 33. Re7 1-0

[Event "Pinneberg-ch"]
[Site "Pinneberg"]
[Date "2014.??.??"]
[Round "7"]
[White "Hawranke, Dietrich"]
[Black "Atri, Jamshid"]
[Result "1-0"]
[WhiteElo "2028"]
[BlackElo "1917"]
[PlyCount "45"]
[EventDate "2014.08.21"]
[EventType "swiss"]
[EventRounds "7"]
[EventCountry "GER"]
[SourceTitle "EXT 2017"]
[Source "ChessBase"]
[SourceDate "2016.10.25"]
[SourceVersion "1"]
[SourceVersionDate "2016.10.25"]
[SourceQuality "1"]

1. d4 d5 2. Nf3 Nf6 3. c4 c6 4. e3 e6 5. Bd3 dxc4 6. Bxc4 b5 7. Bd3 a6 8. 0-0 Bb7 9. e4 c5 10. e5 Nd5 11. dxc5 Bxc5 12. a3 Nd7 13. Qe2 Rc8 14. Rd1 Qb6 15. Bd2 Be7 16. Nc3 Nxc3 17. Bxc3 Nc5 18. Bd4 Qc7 19. Rac1 Qb8 20. Bxb5+ axb5 21. Qxb5+ Bc6 22. Qxb8 Rxb8 23. Bxc5 1-0

[Event "Pinneberg-ch"]
[Site "Pinneberg"]
[Date "2014.??.??"]
[Round "1"]
[White "Hawranke, Dietrich"]
[Black "Metzner, Arne"]
[Result "1-0"]
[WhiteElo "2028"]
[BlackElo "1534"]
[PlyCount "61"]
[EventDate "2014.08.21"]
[EventType "swiss"]
[EventRounds "7"]
[EventCountry "GER"]
[SourceTitle "EXT 2017"]
[Source "ChessBase"]
[SourceDate "2016.10.25"]
[SourceVersion "1"]
[SourceVersionDate "2016.10.25"]
[SourceQuality "1"]

1. e4 e5 2. f4 exf4 3. Nf3 d6 4. d4 g5 5. Bc4 Bg4 6. 0-0 Nd7 7. c3 c6 8. Qb3 Nh6 9. Qxb7 Qc8 10. Qxc8+ Rxc8 11. Nxg5 d5 12. exd5 cxd5 13. Bxd5 Nf6 14. Bb3 Rg8 15. Bxf4 Nh5 16. Bd2 Rc7 17. Nxh7 Nf5 18. Nxf8 Kxf8 19. Rf2 Nh4 20. Bh6+ Ke8 21. Na3 Bh3 22. Bd5 Rg6 23. Re1+ Re7 24. Rxe7+ Kxe7 25. Bd2 Nf6 26. Bb7 Nh5 27. Nc4 f5 28. Ne5 Rg7 29. Bh6 Rh7 30. Bg5+ Ke6 31. Bxh4 1-0